000 00726nam a22002057a 4500
999 _c7511
_d7511
003 AR-CdUCM
008 190320b ||||| |||| 00| 0 spa d
040 _aMUNICIPALIDAD PROVINCIAL DEL CUSCO
_cBIBLIOTECA MUNICIPAL DEL CUSCO
082 _a346.5 /
_bP19
100 _aPalacio Pimentel, H. Gustavo
_921202
245 _aLas obligaciones en el derecho civil peruano /
260 _aLima :
_bEditorial Arica,
_c2002.
300 _a2 t ;
_c20 cm.
505 _aContenido : t1: TeorĂ­a general de las obligaciones. De las diversas obligaciones. ; t2: De los efectos de las obligaciones
650 _aDerecho
_9739
650 _aDerecho peruano
_921203
650 _aDerecho civil
_97386
942 _2ddc
_cLIBROS
945 _admma